000 00186nam a2200073Ia 4500
008 170817s9999 xx 000 0 und d
100 _aKleiser.Grenville
245 0 _aCommon Mistakes In English
260 _bA. P. H. PUB.
999 _c38509
_d38509